Australian and New Zealand Maritime Law Journal (Registro nro. 169007)
[ vista simple ]
| 000 -LEADER | |
|---|---|
| fixed length control field | 01017nam a22002417a 4500 |
| 007 - PHYSICAL DESCRIPTION FIXED FIELD--GENERAL INFORMATION | |
| fixed length control field | cr|||| |||| |
| 008 - FIXED-LENGTH DATA ELEMENTS--GENERAL INFORMATION | |
| fixed length control field | 201020c20069999au fr|w s|||| 0|||b1eng d |
| 022 ## - | |
| -- | 1834-0881 |
| 035 ## - | |
| -- | 32221 |
| 040 ## - CATALOGING SOURCE | |
| Original cataloging agency | vLex |
| 090 ## - | |
| -- | 10771 |
| -- | 10771 |
| 245 10 - TITLE STATEMENT | |
| Title | Australian and New Zealand Maritime Law Journal |
| Medium | [Recurso electrónico] / |
| 256 ## - | |
| -- | Servicio en línea |
| 260 ## - PUBLICATION, DISTRIBUTION, ETC. (IMPRINT) | |
| Place of publication, distribution, etc | Barcelona: |
| Name of publisher, distributor, etc | Editorial vLex, |
| Date of publication, distribution, etc | 2006 - |
| 300 ## - PHYSICAL DESCRIPTION | |
| Extent | 1 recurso electrónico |
| 310 ## - | |
| -- | Semestral |
| 506 1# - RESTRICTIONS ON ACCESS NOTE | |
| Terms governing access | Disponible solo en los productos indicados |
| Authorized users | vLex Global |
| -- | vLex Global (Academic Edition, excluding Law Schools) |
| -- | vLex Global (U.S. Academic Edition, Law Schools) |
| -- | vLex Global (U.S. Academic Edition, excluding Law Schools) |
| -- | vLex Global (Academic Edition, Law Schools) |
| 650 04 - SUBJECT ADDED ENTRY--TOPICAL TERM | |
| Topical term or geographic name as entry element | Derecho Público y Administrativo |
| Geographic subdivision | Australia |
| 740 0# - | |
| -- | vLex Revistas (Servicio en línea) |
| 856 40 - LOCALIZACIÓN Y ACCESO ELECTRÓNICO | |
| Identificador Uniforme del Recurso (URI/URL) | https://app.vlex.com/#/sources/australian-new-zealand-maritime-law-journal-32221 |
| 942 ## - | |
| -- | RAA |
| 999 ## - | |
| -- | 169007 |
| -- | 169007 |
No hay ítems disponibles.